00783nam a2200229Ia 4500003000900000008004100009020001800050040001600068080001700084100003000101245008800131260003800219300001400257650002800271650001900299650002000318650002800338650004100366942000700407999001700414952012200431IN-BaIIA211028s9999 xx 000 0 eng d a1-55615-268-X cIIA Library a519.682bNEL aNelson, Stephen L.918237 0aInside PC tools deluxecStephen L. Nelson  aWashingtonbMicrosoft Pressc1990 aix, 395p. aComputer programs94148 aNASA Thesaurus aPC Tools918238 aPC tools deluxe.918239 aUtilities (Computer programs)918240 cBK c10690d10690 00104070aBANbBANcGENd1993-07-22g240.00l0o519.682/ NELp11601r2021-11-05v240.00w1993-07-22yBKGRs. 240.00